| 000 | 01154nam a2200229Ia 4500 | ||
|---|---|---|---|
| 001 | L221-4747 | ||
| 003 | IT-CnALBA | ||
| 008 | 170116s9999||||xx |||||||||||||| ||und|| | ||
| 040 |
_aIT-CnALBA _cIT-CnALBA |
||
| 041 | _aFRANCESE | ||
| 100 | _aGUILLET JACQUES | ||
| 245 | 0 | _aTHEMES BIBLIQUES. | |
| 250 | _a1a ed. | ||
| 260 |
_aPARIS _bAUBIER. EDITIONS MONTAIGNE. PARIS _c1951 [1° Ed.:1951 - Ed.Ling.Originale: 1951] |
||
| 300 | _a284 p. (prefazione: 78) | ||
| 500 | _aSTUDI SULLA RIVELAZIONE. TEMI SULL'ESODO. GRAZIA GIUSTIZIA VERITÀ. VOCABOLARIO FONDAMENTALE. EVOLUZIONE DEL VOCABOLARIO. PECCATO. DANNAZIONE. SPERANZA. SOFFIO DI JAHVÈ. INDICE BIBLICO. FRASI IDIOMATICHE EBRAICHE. INDICE ANALITICO. | ||
| 501 | _aSocietà San Paolo EM - Piazza San Paolo, 14 - 12051 ALBA (CN) (non commercial uses only) ® Copyright 2017 | ||
| 520 | _aSTUDI SULLA RIVELAZIONE. TEMI SULL'ESODO. GRAZIA GIUSTIZIA VERITÀ. VOCABOLARIO FONDAMENTALE. EVOLUZIONE DEL VOCABOLARIO. PECCATO. DANNAZIONE. SPERANZA. SOFFIO DI JAHVÈ. INDICE BIBLICO. FRASI IDIOMATICHE EBRAICHE. INDICE ANALITICO. | ||
| 650 | _aANTICO TESTAMENTO | ||
| 942 | _cBK | ||
| 957 | _71 | ||
| 999 |
_a5730 _bNO _g Copie: 1 _c263938 _d263938 |
||